UM Logo

Creative nonfiction / (Record no. 11244)

MARC details
000 -LEADER
fixed length control field 00610nam a22001697a 4500
008 - FIXED-LENGTH DATA ELEMENTS--GENERAL INFORMATION
fixed length control field 181022b ||||| |||| 00| 0 eng d
020 ## - INTERNATIONAL STANDARD BOOK NUMBER
International Standard Book Number 978-621415-073-1
082 ## - DEWEY DECIMAL CLASSIFICATION NUMBER
Edition number 2016
Classification number DFil 814.008
Item number B268
100 ## - MAIN ENTRY--PERSONAL NAME
Personal name Baronda, Andrew John C.
9 (RLIN) 17315
245 ## - TITLE STATEMENT
Title Creative nonfiction /
Statement of responsibility, etc. Andrew John C. Baronda
260 ## - PUBLICATION, DISTRIBUTION, ETC. (IMPRINT)
Place of publication, distribution, etc. Manila:
Name of publisher, distributor, etc. JFS Publishing Services,
Date of publication, distribution, etc. ©2016.
300 ## - PHYSICAL DESCRIPTION
Extent vii, 190 pages:
Other physical details illustrations;
Dimensions 25 cm.
650 ## - SUBJECT ADDED ENTRY--TOPICAL TERM
Topical term or geographic name as entry element American prose literature -- 20th century -- Periodicals
9 (RLIN) 32369
650 ## - SUBJECT ADDED ENTRY--TOPICAL TERM
Topical term or geographic name as entry element Reportage literature, American -- Periodicals
9 (RLIN) 32370
365 ## - TRADE PRICE
Price amount 665.00
Currency code Php.
942 ## - ADDED ENTRY ELEMENTS (KOHA)
Source of classification or shelving scheme Dewey Decimal Classification
Koha item type Filipiniana
Holdings
Withdrawn status Lost status Source of classification or shelving scheme Damaged status Not for loan Collection code Home library Current library Date acquired Source of acquisition Cost, normal purchase price Total Checkouts Full call number Barcode Date last seen Copy number Price effective from Koha item type Shelving location Date last checked out
    Dewey Decimal Classification     Filipiniana UM Digos College - LIC UM Digos College - LIC 08/16/2018 Purchased 665.00   DFil 814.008 B268 2016 25232 05/15/2025 1 10/22/2018 Filipiniana    
    Dewey Decimal Classification     Filipiniana UM Digos College - LIC UM Digos College - LIC 02/16/2021 Purchased   1 DFil 814.008 B268 2016 26102 05/15/2025 2 04/19/2021 Filipiniana Book Cart 10/10/2023